| 000 | 01557cam a22003857i 4500 | ||
|---|---|---|---|
| 001 | 18169022 | ||
| 003 | Nust- CAS-E | ||
| 005 | 20180118181404.0 | ||
| 008 | 140529s2013 gw a b 001 0 eng d | ||
| 010 | _a 2012474528 | ||
| 016 | 7 |
_a016317750 _2Uk |
|
| 020 | _a9783527410583 (pbk : acidfree paper) | ||
| 020 | _a3527410589 (pbk : acidfree paper) | ||
| 020 | _z9783527653447 (ePDF) | ||
| 020 | _z9783527653430 (ePub) | ||
| 020 | _z9783527653423 (mobi) | ||
| 020 | _z9783527653416 (oBook) | ||
| 035 | _a(OCoLC)ocn857218019 | ||
| 040 |
_aStDuBDS _beng _cCUD _erda _dOCLCO _dYDXCP _dUOH _dUKMGB _dNLE _dBTCTA _dDLC |
||
| 042 | _alccopycat | ||
| 050 | 0 | 0 |
_aQC793.47.S83 _b.D38 2013 |
| 082 | 0 | 4 |
_a539.760285 _223 _bDAT 2013 |
| 245 | 0 | 0 |
_aData analysis in high energy physics : _ba practical guide to statistical methods / _cedited by Olaf Behnke, Kevin Kröninger, Grégory Schott, and Thomas Schörner-Sadenius. |
| 300 |
_axx, 419 pages : _billustrations ; _c24 cm |
||
| 502 | 0 | _a0 | |
| 504 | _aIncludes bibliographical references and index. | ||
| 650 | 0 |
_aParticles (Nuclear physics) _xStatistical methods. |
|
| 700 | 1 |
_aBehnke, Olaf, _eeditor of compilation. |
|
| 700 | 1 |
_aKröninger, Kevin, _eeditor of compilation. |
|
| 700 | 1 |
_aSchott, Grégory, _eeditor of compilation. |
|
| 700 | 1 |
_aSchörner-Sadenius, Thomas, _eeditor of compilation. |
|
| 906 |
_a7 _bcbc _ccopycat _d2 _encip _f20 _gy-gencatlg |
||
| 942 |
_2ddc _cBK |
||
| 999 |
_c355521 _d355521 |
||